000 00371nam a2200169Ia 4500
003 0100
008 130303s9999 xx 000 0 und d
040 _cARRUPELIB
050 _aBX4210.E91967
100 _aEvoy, John J
245 4 _aThe real woman in the religious life
260 _aNY
260 _bSheed Ward
260 _C1967
300 _a240p
942 0 0 _01
999 _c37528
_d37528